Welcome to Hospitality : ...an introduction

Bibliographic Details
Main Author: Chon, K. S. (Author)
Other Authors: Maier, Thomas A.
Format: Book
Language:English
Published: New York: Delmar Learning, 2009.
Edition:THIRD EDITION.
Subjects:
LEADER 00805cam a2200253 7i4500
001 0000036126
005 20190829090000.0
007 ##ta
008 190829s2009 nyua b 001 0 eng d
020 # # |a 9781439057377  
040 # # |a MATR 
090 0 0 |a B 647.94   |b CHO 
100 1 # |a Chon, K. S.   |e author  
245 1 0 |a Welcome to Hospitality :   |b ...an introduction   |c Kaye (Kye-Sung) Chon. 
250 0 0 |a THIRD EDITION. 
264 # 1 |a New York:   |b Delmar Learning,   |c 2009. 
300 # # |a xix, 494 pages:   |b illustrations;   |c 26 cm. 
336 # # |a text  |2 rdacontent 
337 # # |a unmediated  |2 rdamedia 
338 # # |a volume  |2 rdacarrier 
504 # # |a Includes bibliographical references and index 
650 # 0 |a Hospitality industry  
700 1 # |a Maier, Thomas A.  
999 |a 0000040584  |b Book  |c Book  |e Business Information Centre